| 000 | 00589cam a2200193 i 4500 | ||
|---|---|---|---|
| 005 | 20250901165609.0 | ||
| 008 | 760426s1976 mau 000 0 eng | ||
| 010 | _a 76015579 | ||
| 020 | _a0316132187 | ||
| 050 | 0 | 0 |
_aHC107.K4 .C33 1976 _bC33 |
| 082 | 0 | 0 | _a309.1/769/1 |
| 100 | 1 |
_aCaudill, Harry M., _d1922-1990. |
|
| 245 | 1 | 4 |
_aThe watches of the night / _cby Harry M. Caudill. |
| 250 | _a1st ed. | ||
| 260 |
_aBoston : _bLittle, Brown, _cc1976. |
||
| 300 |
_a275 p. ; _c22 cm. |
||
| 500 | _a"An Atlantic Monthly Press book." | ||
| 942 |
_2lcc _hHC107.K4 .C33 1976 |
||
| 999 |
_c6440 _d6440 |
||